Observatorio de política Latin America's response to China and India (Registro nro. 31600)

Detalles MARC
000 -LEADER
fixed length control field 00442 a2200133 4500
001 - CONTROL NUMBER
control field ART_44825
005 - DATE AND TIME OF LATEST TRANSACTION
control field 20260410162005.0
008 - FIXED-LENGTH DATA ELEMENTS--GENERAL INFORMATION
fixed length control field 260409a
100 1# - MAIN ENTRY--PERSONAL NAME
Personal name Lederman, Daniel
245 10 - TITLE STATEMENT
Title Observatorio de política Latin America's response to China and India
700 1# - ADDED ENTRY--PERSONAL NAME
Personal name Olarreaga, Marcelo
700 1# - ADDED ENTRY--PERSONAL NAME
Personal name Perry, Guillermo E.
773 0# - HOST ITEM ENTRY
Title Revista de economía y estadística
Related parts - Vol. XLV, Nº 1 (oct. 2007)
Record control number REV34359

No hay ítems disponibles.